[Event "XII C.to Italiano U20"]
[Site "Bratto - Castione della Presolana ITA"]
[Date "2004.08.27"]
[Round "8"]
[White "Bonafede, Alessandro"]
[Black "Drezzadore, Dario"]
[Result "1/2-1/2"]
[WhiteElo "2107"]
[BlackElo "1730"]
[PlyCount "56"]
[EventDate "2004.08.20"]

1. e4 d5 2. exd5 Qxd5 3. Nc3 Qa5 4. d4 c6 5. Nf3 Bf5 6. Bc4 e6 7. O-O Nf6 8.
Re1 Be7 9. a3 Nbd7 10. Bf4 Nd5 11. Nxd5 cxd5 12. Bd3 Bg6 13. Ne5 Nf6 14. Qe2
Bxd3 15. cxd3 O-O 16. Rac1 Qb6 17. Nf3 Rac8 18. Rc2 Rc6 19. Rec1 Rfc8 20. Ne5
Rxc2 21. Rxc2 Rxc2 22. Qxc2 h6 23. Nf3 Bf8 24. h3 Ne8 25. Kf1 Nd6 26. Qc5 Qa6
27. Qc2 Qb6 28. Qc5 Qa6 1/2-1/2

[Event "XII C.to Italiano U20"]
[Site "Bratto - Castione della Presolana ITA"]
[Date "2004.08.27"]
[Round "8"]
[White "Bonagura, Stefano"]
[Black "Imbraguglia, Fabio"]
[Result "1-0"]
[WhiteElo "1784"]
[BlackElo "1988"]
[PlyCount "55"]
[EventDate "2004.08.20"]

1. d4 Nf6 2. c4 e6 3. Nc3 Bb4 4. Qc2 O-O 5. Nf3 b6 6. e3 Bb7 7. Bd3 d5 8. a3
Bxc3+ 9. bxc3 dxc4 10. Bxc4 Nbd7 11. Bd3 c5 12. Bb2 cxd4 13. cxd4 Rc8 14. Qe2
Re8 15. O-O e5 16. Nxe5 Nxe5 17. dxe5 Ng4 18. Bf5 Nxe5 19. Bxc8 Qxc8 20. Rac1
Qd8 21. e4 Qh4 22. f3 f5 23. Bxe5 Rxe5 24. Qc4+ Kf8 25. Qc7 Re7 26. Qd8+ Kf7
27. Rc7 Qf6 28. Rfc1 1-0

[Event "XII C.to Italiano U20"]
[Site "Bratto - Castione della Presolana ITA"]
[Date "2004.08.27"]
[Round "8"]
[White "Bove, Alessandro"]
[Black "Castellano, Fabio Marco"]
[Result "1-0"]
[WhiteElo "2175"]
[BlackElo "1946"]
[PlyCount "55"]
[EventDate "2004.08.20"]

1. e4 c5 2. c3 d5 3. exd5 Qxd5 4. d4 g6 5. Nf3 Bg7 6. Be3 cxd4 7. cxd4 Nf6 8.
Nc3 Qa5 9. Bc4 O-O 10. O-O Nbd7 11. Qe2 Nb6 12. Bb3 Nbd5 13. Bd2 Qd8 14. Rfe1
e6 15. Rad1 a6 16. Ne5 b6 17. Bg5 Nxc3 18. bxc3 Qc7 19. Rd3 Bb7 20. Rh3 Ne4 21.
Bf4 Nxc3 22. Qg4 h5 23. Qh4 Rac8 24. Nxg6 Ne2+ 25. Kf1 Nxf4 26. Nxf4 Bd5 27.
Rg3 Bxb3 28. Qf6 1-0

[Event "XII C.to Italiano U20"]
[Site "Bratto - Castione della Presolana ITA"]
[Date "2004.08.27"]
[Round "8"]
[White "Braschi, Giancarlo"]
[Black "Frilli, Guido"]
[Result "0-1"]
[WhiteElo "2196"]
[BlackElo "2131"]
[PlyCount "136"]
[EventDate "2004.08.20"]

1. d4 d5 2. c4 c6 3. Nf3 Nf6 4. Nc3 a6 5. e3 b5 6. b3 Bg4 7. Be2 e6 8. O-O Nbd7
9. Ne5 Bxe2 10. Nxe2 Nxe5 11. dxe5 Nd7 12. cxd5 cxd5 13. Bb2 Bc5 14. Nf4 Qg5
15. Rc1 O-O 16. Nd3 Rfc8 17. Nxc5 Nxc5 18. Qd4 Nd7 19. f4 Qd8 20. e4 dxe4 21.
Qxe4 Nc5 22. Qe3 Qd3 23. Rce1 Qxe3+ 24. Rxe3 Nd7 25. f5 Rc2 26. fxe6 fxe6 27.
Ba3 Rxa2 28. Bd6 Rc8 29. Ref3 h6 30. h4 Rcc2 31. Rg3 Re2 32. h5 Rac2 33. Ra1
Ra2 34. Rc1 Rac2 35. Ra1 Ra2 36. Rf1 Rac2 37. Kh1 Re4 38. Rg6 Rh4+ 39. Kg1 Rxh5
40. Rxe6 Rg5 41. Re8+ Kh7 42. Rf2 Rc1+ 43. Kh2 Re1 44. Ra8 Nxe5 45. Bxe5 Rexe5
46. Rxa6 Re3 47. Rf3 Re2 48. Rg3 Rxg3 49. Kxg3 Re3+ 50. Kh2 Rxb3 51. Rb6 h5 52.
g3 g6 53. Kg2 Kh6 54. Kh2 Kg5 55. Kg2 Kf5 56. Rd6 b4 57. Rd5+ Ke4 58. Rg5 Rb2+
59. Kh3 b3 60. Rxg6 Rd2 61. Rb6 b2 62. Kh4 Rh2+ 63. Kg5 Kd3 64. Rb8 Kc2 65.
Rc8+ Kd1 66. Rb8 Kc1 67. Rc8+ Rc2 68. Rb8 Rc5+ 0-1

[Event "XII C.to Italiano U20"]
[Site "Bratto - Castione della Presolana ITA"]
[Date "2004.08.27"]
[Round "8"]
[White "Buono, Valerio"]
[Black "Mandolini, Riccardo"]
[Result "1/2-1/2"]
[WhiteElo "1978"]
[BlackElo "1799"]
[PlyCount "30"]
[EventDate "2004.08.20"]

1. e4 c5 2. Nf3 Nc6 3. d4 cxd4 4. Nxd4 d6 5. Nc3 Nf6 6. Be2 g6 7. Be3 Bg7 8.
O-O O-O 9. Nb3 Qc7 10. f4 a6 11. Bf3 b5 12. a3 Bb7 13. Qe2 Rac8 14. g4 e6 15.
h4 Ne7 1/2-1/2

[Event "XII C.to Italiano U20"]
[Site "Bratto - Castione della Presolana ITA"]
[Date "2004.08.27"]
[Round "8"]
[White "Cacciola, Alfredo"]
[Black "Napoli, Nicolo'"]
[Result "0-1"]
[WhiteElo "2052"]
[BlackElo "2172"]
[PlyCount "86"]
[EventDate "2004.08.20"]

1. e4 Nc6 2. d4 e5 3. dxe5 Qh4 4. Nc3 Bb4 5. Bd2 Bxc3 6. Bxc3 Qxe4+ 7. Qe2
Qxe2+ 8. Bxe2 Nge7 9. Bc4 O-O 10. Nf3 a6 11. a4 Rb8 12. b4 b5 13. axb5 axb5 14.
Bb3 Bb7 15. O-O-O Rbd8 16. Rd2 Nc8 17. Rhd1 Nb6 18. Nd4 Nxd4 19. Bxd4 Ra8 20.
Bc5 Rfd8 21. Bxb6 Ra1+ 22. Kb2 Rxd1 23. Rxd1 cxb6 24. e6 Kf8 25. exd7 Bxg2 26.
Rd6 Bf1 27. Bd5 Ke7 28. Rxb6 Rxd7 29. Rb7 Rxb7 30. Bxb7 Kd6 31. Kc3 Ke5 32. Bc6
g5 33. Kd2 Bc4 34. Ke3 f5 35. c3 h5 36. h4 gxh4 37. f4+ Kf6 38. Kf2 h3 39. Kg3
Bf1 40. Be8 Ke6 41. Bxh5 Kd5 42. Bf7+ Ke4 43. Be6 Bd3 0-1

[Event "XII C.to Italiano U20"]
[Site "Bratto - Castione della Presolana ITA"]
[Date "2004.08.27"]
[Round "8"]
[White "Cantu', Guido"]
[Black "D'Apa, Matteo"]
[Result "1-0"]
[WhiteElo "1700"]
[BlackElo "1939"]
[PlyCount "93"]
[EventDate "2004.08.20"]

1. e4 e5 2. f4 exf4 3. Nf3 Be7 4. Bc4 Nf6 5. Nc3 O-O 6. O-O Nxe4 7. Nxe4 d5 8.
Bxd5 Qxd5 9. d3 Bg4 10. Bxf4 Nc6 11. Bd2 Nd4 12. Kh1 f5 13. Ng3 Bd6 14. c3 Nxf3
15. gxf3 Bh3 16. Rg1 Qxd3 17. Nh5 g6 18. Nf4 Bxf4 19. Bxf4 Qb5 20. Qb3+ Qxb3
21. axb3 c6 22. Rg3 Rfe8 23. Rxh3 Re2 24. Rb1 Rae8 25. Rg3 Kg7 26. Rg2 h6 27.
Kg1 g5 28. Rxe2 Rxe2 29. Bb8 a6 30. Kf1 Re8 31. Ba7 f4 32. Bd4+ Kf7 33. Re1 Rb8
34. Kg2 b6 35. c4 c5 36. Bc3 h5 37. Kf2 Rg8 38. h3 h4 39. Re5 Rg6 40. Ke2 Rg8
41. Kd3 Rd8+ 42. Ke4 Rg8 43. Kf5 g4 44. fxg4 f3 45. Ke4 Re8 46. Rxe8 f2 47. Re5
1-0

[Event "XII C.to Italiano U20"]
[Site "Bratto - Castione della Presolana ITA"]
[Date "2004.08.27"]
[Round "8"]
[White "Damia, Angelo"]
[Black "Ronchetti, Niccolo'"]
[Result "0-1"]
[WhiteElo "2129"]
[BlackElo "2216"]
[PlyCount "58"]
[EventDate "2004.08.20"]

1. e4 c5 2. Nf3 Nc6 3. d4 cxd4 4. Nxd4 Nf6 5. Nc3 e5 6. Ndb5 d6 7. Bg5 a6 8.
Na3 b5 9. Bxf6 gxf6 10. Nd5 f5 11. Bxb5 axb5 12. Nxb5 Ra4 13. b4 Rxb4 14. Nbc7+
Kd7 15. Nxb4 Nxb4 16. Nd5 Qa5 17. O-O Nxd5 18. exd5 Bg7 19. c4 Ke7 20. Rc1 Qc5
21. Qb3 Bd7 22. Kh1 Ra8 23. Rc3 e4 24. Rh3 Ra4 25. Rxh7 Bd4 26. f3 Rb4 27. Qd1
e3 28. g4 Qxc4 29. gxf5 Bxf5 0-1

[Event "XII C.to Italiano U20"]
[Site "Bratto - Castione della Presolana ITA"]
[Date "2004.08.27"]
[Round "8"]
[White "Di Caro, Calogero"]
[Black "Tomba, Ivan"]
[Result "0-1"]
[WhiteElo "2322"]
[BlackElo "2292"]
[PlyCount "108"]
[EventDate "2004.08.20"]

1. Nf3 d5 2. d4 Nf6 3. c4 c6 4. e3 Bg4 5. Nbd2 Nbd7 6. Qc2 e6 7. Bd3 Bd6 8. O-O
O-O 9. e4 Bxf3 10. Nxf3 dxe4 11. Bxe4 Nxe4 12. Qxe4 Qc7 13. c5 Be7 14. Bf4 Qd8
15. Qc2 Nf6 16. Qb3 b6 17. cxb6 Qxb6 18. Qxb6 axb6 19. Ne5 Rfc8 20. Rfc1 c5 21.
dxc5 bxc5 22. Bg5 h6 23. Bxf6 Bxf6 24. Nc4 Rcb8 25. Rc2 Rb4 26. a3 Rb3 27. Rd1
Bd4 28. Kf1 e5 29. f3 f5 30. Ke2 Kf7 31. Rd3 Rbb8 32. Kd1 Ra6 33. Re2 Re8 34.
Kc2 g5 35. Rb3 Kf6 36. Rb6+ Rxb6 37. Nxb6 Ke6 38. a4 Kd6 39. b3 h5 40. h3 Re6
41. Nc4+ Kd5 42. Kd1 e4 43. fxe4+ fxe4 44. Kc2 Rf6 45. Kd2 Rf1 46. Kc2 Ra1 47.
Kd2 g4 48. hxg4 hxg4 49. Ne3+ Bxe3+ 50. Kxe3 Rb1 51. Kf4 Rxb3 52. Rxe4 Rb4 53.
Rxb4 cxb4 54. Ke3 Kc5 0-1

[Event "XII C.to Italiano U20"]
[Site "Bratto - Castione della Presolana ITA"]
[Date "2004.08.27"]
[Round "8"]
[White "Ferrante, Marco"]
[Black "Reduzzi, Maurizio"]
[Result "1/2-1/2"]
[WhiteElo "2074"]
[BlackElo "2114"]
[PlyCount "48"]
[EventDate "2004.08.20"]

1. e4 c5 2. Nf3 e6 3. d4 cxd4 4. Nxd4 a6 5. g3 Nc6 6. Bg2 Nge7 7. Nc3 Nxd4 8.
Qxd4 Nc6 9. Qd1 b5 10. O-O Bb7 11. Re1 Bb4 12. Bd2 O-O 13. a3 Be7 14. Bf4 d6
15. Qe2 Qc7 16. Rad1 Rac8 17. Rd2 Na5 18. Nd1 Nc4 19. Rd3 Rfd8 20. Bc1 Bf6 21.
f4 Ba8 22. b3 Nb6 23. Ne3 a5 24. Bd2 a4 1/2-1/2

[Event "XII C.to Italiano U20"]
[Site "Bratto - Castione della Presolana ITA"]
[Date "2004.08.27"]
[Round "8"]
[White "Ferrarese, Giacomo"]
[Black "Basso, Piergiorgio"]
[Result "1-0"]
[WhiteElo "1688"]
[BlackElo "1742"]
[PlyCount "65"]
[EventDate "2004.08.20"]

1. c4 e5 2. Nc3 d6 3. g3 f5 4. Bg2 Nf6 5. d3 g6 6. e4 Bg7 7. Nge2 O-O 8. O-O c6
9. h3 Be6 10. Kh2 Nbd7 11. Rb1 h6 12. f4 Ne8 13. Be3 Kh7 14. Qd2 Rh8 15. b4 h5
16. b5 h4 17. bxc6 bxc6 18. exf5 Bxf5 19. Bxc6 exf4 20. Bxf4 Ne5 21. Bxe5 Bxe5
22. Rxf5 gxf5 23. Bxa8 hxg3+ 24. Nxg3 Qxa8 25. Nd5 Rg8 26. Rg1 Qd8 27. d4 f4
28. Qd3+ Kh6 29. Nf5+ Kh7 30. Rxg8 Kxg8 31. dxe5 Qb8 32. Nfe7+ Kf7 33. Qf5+ 1-0

[Event "XII C.to Italiano U20"]
[Site "Bratto - Castione della Presolana ITA"]
[Date "2004.08.27"]
[Round "8"]
[White "Forato, Enrico"]
[Black "Hellweger, Stefan"]
[Result "1-0"]
[WhiteElo "1739"]
[BlackElo "1664"]
[PlyCount "85"]
[EventDate "2004.08.20"]

1. e4 e5 2. Nf3 Nc6 3. d4 exd4 4. Bc4 Bb4+ 5. c3 dxc3 6. bxc3 Bd6 7. O-O Nf6 8.
e5 Nxe5 9. Nxe5 Bxe5 10. Re1 Qe7 11. f4 Qc5+ 12. Qd4 Qxd4+ 13. cxd4 O-O 14.
fxe5 d5 15. Bb3 Ne8 16. Ba3 c6 17. Bxf8 Kxf8 18. Nc3 Nc7 19. Rf1 Be6 20. Bc2 h6
21. Bf5 Ke7 22. Bxe6 Nxe6 23. Ne2 a5 24. a4 b5 25. axb5 cxb5 26. Rfb1 a4 27.
Rxb5 a3 28. Rb3 Rc8 29. Raxa3 Ng5 30. Rb7+ Kf8 31. Raa7 Ne4 32. Rxf7+ Kg8 33.
Rxg7+ Kh8 34. Rh7+ Kg8 35. Rag7+ Kf8 36. Rh8+ Kxg7 37. Rxc8 h5 38. Rd8 h4 39.
Rxd5 Kg6 40. e6 Nf6 41. e7 Kf7 42. Re5 Ne8 43. d5 1-0

[Event "XII C.to Italiano U20"]
[Site "Bratto - Castione della Presolana ITA"]
[Date "2004.08.27"]
[Round "8"]
[White "Fortino, Fabrizio"]
[Black "Chinello, Gianmarco"]
[Result "0-1"]
[WhiteElo "1931"]
[BlackElo "2100"]
[PlyCount "46"]
[EventDate "2004.08.20"]

1. e4 e5 2. f4 exf4 3. Bc4 Qh4+ 4. Kf1 Qe7 5. Nf3 h6 6. d4 d6 7. Kf2 g5 8. Re1
c6 9. Nc3 Bg7 10. d5 Bg4 11. Qd3 Bxf3 12. Qxf3 Nd7 13. dxc6 bxc6 14. Bd2 Ngf6
15. e5 dxe5 16. Qxc6 O-O 17. Nd5 Nxd5 18. Bxd5 Rac8 19. Qb7 Rxc2 20. Re2 Rb8
21. Qxa7 Rbxb2 22. Rd1 Qc5+ 23. Qxc5 Nxc5 0-1

[Event "XII C.to Italiano U20"]
[Site "Bratto - Castione della Presolana ITA"]
[Date "2004.08.27"]
[Round "8"]
[White "Gatterer, Matthias"]
[Black "Procacci, Sergio"]
[Result "1/2-1/2"]
[WhiteElo "1844"]
[BlackElo "1756"]
[PlyCount "112"]
[EventDate "2004.08.20"]

1. d4 Nf6 2. Nf3 g6 3. c4 Bg7 4. Nc3 d6 5. e4 O-O 6. Be2 e5 7. O-O Nc6 8. d5
Ne7 9. Ne1 Nd7 10. Be3 a5 11. a4 f5 12. f3 f4 13. Bf2 g5 14. Nd3 b6 15. b4 Rf6
16. Nb5 axb4 17. Be1 Rg6 18. Bxb4 Nc5 19. Nf2 Bd7 20. a5 h5 21. axb6 cxb6 22.
Rxa8 Qxa8 23. Qa1 Qc8 24. Qa7 g4 25. Qc7 g3 26. Qxc8+ Nxc8 27. Nd3 gxh2+ 28.
Kxh2 Bf6 29. Nf2 Bh4 30. Nh3 Bg3+ 31. Kh1 Bh4 32. Ra1 Kh7 33. Ra8 Kh6 34. Ra2
Kh7 35. Na7 Ne7 36. Rb2 Na4 37. Rb1 Bxh3 38. gxh3 Bf2 39. Rf1 Be3 40. Be1 Rh6
41. Nb5 Nc5 42. Bb4 Rg6 43. Ra1 Nc8 44. Rd1 Bf2 45. Bc3 Rg5 46. Kh2 Bg3+ 47.
Kh1 Bf2 48. Ra1 Nb3 49. Rb1 Nc5 50. Na3 Na4 51. Bd2 Kh6 52. Bf1 Nc5 53. Bg2 Nd3
54. Nb5 Bc5 55. Ra1 Rg3 56. Nc7 Rg8 1/2-1/2

[Event "XII C.to Italiano U20"]
[Site "Bratto - Castione della Presolana ITA"]
[Date "2004.08.27"]
[Round "8"]
[White "Lain, Luigi"]
[Black "Buchicchio, Giampaolo"]
[Result "1-0"]
[WhiteElo "2243"]
[BlackElo "2291"]
[PlyCount "81"]
[EventDate "2004.08.20"]

1. d4 d5 2. c4 c6 3. Nf3 Nf6 4. Nc3 a6 5. c5 Bf5 6. h3 Nbd7 7. Bf4 e6 8. e3 Be7
9. Be2 Qc8 10. O-O Bd8 11. Nh4 O-O 12. Nxf5 exf5 13. b4 Bc7 14. Bxc7 Qxc7 15.
Qd2 Ne4 16. Nxe4 fxe4 17. a4 f5 18. Rfb1 g5 19. b5 a5 20. Rb3 Kg7 21. Rab1 Rfb8
22. R1b2 Kf6 23. Qc1 Ke7 24. f3 exf3 25. Bxf3 Rg8 26. bxc6 bxc6 27. Rb7 Qd8 28.
Bxd5 cxd5 29. c6 Rc8 30. R2b5 Rc7 31. Rxc7 Qxc7 32. Rb7 Qg3 33. Rxd7+ Ke6 34.
Rxh7 Kf6 35. c7 Kg6 36. Rd7 g4 37. hxg4 Kf6 38. Rd8 Rxg4 39. Qc6+ Kg5 40. Rg8+
Kh5 41. Rh8+ 1-0

[Event "XII C.to Italiano U20"]
[Site "Bratto - Castione della Presolana ITA"]
[Date "2004.08.27"]
[Round "8"]
[White "Lampl, Gerald"]
[Black "Covolan, Stefano"]
[Result "0-1"]
[WhiteElo "1841"]
[BlackElo "1586"]
[PlyCount "120"]
[EventDate "2004.08.20"]

1. e4 c5 2. Nf3 d6 3. d4 cxd4 4. Nxd4 Nf6 5. Nc3 a6 6. Bc4 e6 7. Bb3 b5 8. f4
Bb7 9. f5 e5 10. Nf3 Nxe4 11. Nxe4 Bxe4 12. Nxe5 dxe5 13. Qxd8+ Kxd8 14. Bxf7
Bxc2 15. Be3 Bb4+ 16. Ke2 Ke7 17. Bd5 Nd7 18. Bg5+ Nf6 19. Bxa8 Rxa8 20. Rac1
Bxf5 21. Rc7+ Kf8 22. Rf1 Bg4+ 23. Ke3 Be7 24. h3 Be6 25. g4 Ke8 26. Bxf6 Bxf6
27. b3 Rc8 28. Rxc8+ Bxc8 29. Rd1 Bb7 30. Rd6 Bg5+ 31. Ke2 e4 32. Rb6 Bc8 33.
Rd6 Ke7 34. Rd5 Bf6 35. Rc5 Kd7 36. Ke3 Bb7 37. Rc2 Bg5+ 38. Ke2 Kd6 39. Rc3 g6
40. Kf1 Bf4 41. Ke2 Kd5 42. a4 Kd4 43. Rc2 h6 44. axb5 axb5 45. b4 g5 46. Rc5
Bd5 47. Rc8 Bc4+ 48. Kd1 Bf1 49. Ke1 Bxh3 50. Rc5 Bxg4 51. Rc2 e3 52. Rg2 h5
53. Rg1 Kc3 54. Rg2 Kxb4 55. Rb2+ Kc3 56. Rxb5 Bg3+ 57. Kf1 e2+ 58. Kg2 Bh4 59.
Rc5+ Kd4 60. Rxg5 Bxg5 0-1

[Event "XII C.to Italiano U20"]
[Site "Bratto - Castione della Presolana ITA"]
[Date "2004.08.27"]
[Round "8"]
[White "Lettieri, Giuseppe"]
[Black "Buono, Michele"]
[Result "1/2-1/2"]
[WhiteElo "2144"]
[BlackElo "2098"]
[PlyCount "76"]
[EventDate "2004.08.20"]

1. e4 g6 2. d4 Bg7 3. Be3 d6 4. Nc3 Nf6 5. f3 c6 6. Qd2 b5 7. a4 b4 8. Nd1 a5
9. c3 bxc3 10. bxc3 Ba6 11. Bxa6 Nxa6 12. Bh6 O-O 13. Bxg7 Kxg7 14. Ne2 Qc7 15.
Ng3 c5 16. O-O cxd4 17. cxd4 Nb4 18. Ne3 Rfc8 19. Ra3 Rab8 20. h4 h5 21. f4 Nc2
22. Rc1 Rb1 23. Rxb1 Nxa3 24. Rd1 Nc4 25. Nxc4 Qxc4 26. Qxa5 Qb3 27. Qe1 Qxa4
28. f5 Ng4 29. fxg6 fxg6 30. Qd2 Rc2 31. Nxh5+ Kh7 32. Qg5 Rxg2+ 33. Kxg2 Qxd1
34. Qxe7+ Kh6 35. Qg5+ Kh7 36. Nf6+ Nxf6 37. Qxf6 Qe2+ 38. Kg3 Qe3+ 1/2-1/2

[Event "XII C.to Italiano U20"]
[Site "Bratto - Castione della Presolana ITA"]
[Date "2004.08.27"]
[Round "8"]
[White "Massironi, Marco"]
[Black "Battaglia, Edoardo"]
[Result "0-1"]
[WhiteElo "2121"]
[BlackElo "1877"]
[PlyCount "38"]
[EventDate "2004.08.20"]

1. e4 c6 2. Nc3 d5 3. Nf3 Bg4 4. h3 Bxf3 5. Qxf3 e6 6. d3 Nf6 7. g3 Bb4 8. a3
Qa5 9. Bd2 d4 10. Nb1 Bxd2+ 11. Nxd2 O-O 12. Bg2 Nbd7 13. O-O Qxd2 14. g4 h5
15. Qg3 hxg4 16. hxg4 Qg5 17. Bh3 e5 18. Rae1 g6 19. c3 c5 0-1

[Event "XII C.to Italiano U20"]
[Site "Bratto - Castione della Presolana ITA"]
[Date "2004.08.27"]
[Round "8"]
[White "Mora, Lorenzo"]
[Black "Kidane, Robel"]
[Result "0-1"]
[WhiteElo "1844"]
[BlackElo "2081"]
[PlyCount "58"]
[EventDate "2004.08.20"]

1. d4 Nf6 2. c4 g6 3. Nc3 d5 4. Nf3 Bg7 5. b3 c5 6. Bb2 O-O 7. e3 Nc6 8. Be2
cxd4 9. exd4 Qa5 10. O-O Rd8 11. c5 Ne4 12. Nb5 a6 13. Na3 Nxc5 14. Nc2 Bf5 15.
Nfe1 Ne6 16. Bg4 Bxg4 17. Qxg4 h5 18. Qd1 Rac8 19. Nf3 Rc7 20. Qd3 Rdc8 21. a3
Ne5 22. dxe5 Rxc2 23. Rab1 Nf4 24. Qe3 Bh6 25. Kh1 Kh7 26. h4 Ne6 27. Ng5+ Bxg5
28. hxg5 Qd2 29. Qxd2 Rxd2 0-1

[Event "XII C.to Italiano U20"]
[Site "Bratto - Castione della Presolana ITA"]
[Date "2004.08.27"]
[Round "8"]
[White "Oblak, Mitja"]
[Black "Seminara, Antonio"]
[Result "1/2-1/2"]
[WhiteElo "1556"]
[BlackElo "1937"]
[PlyCount "98"]
[EventDate "2004.08.20"]

1. d4 Nf6 2. c4 g6 3. Nc3 Bg7 4. e4 d6 5. Bd3 O-O 6. Nge2 Nbd7 7. Bd2 e5 8. d5
Ne8 9. Qc2 Nc5 10. b4 Nxd3+ 11. Qxd3 f5 12. O-O-O Bd7 13. h4 f4 14. Rdg1 a6 15.
f3 b5 16. c5 dxc5 17. bxc5 b4 18. c6 bxc3 19. Nxc3 Bxc6 20. g3 Bb5 21. Nxb5
axb5 22. Qb3 Nd6 23. gxf4 exf4 24. Bc3 Bxc3 25. Qxc3 Nc4 26. h5 g5 27. h6 Qf6
28. Qxf6 Rxf6 29. Rxg5+ Rg6 30. Rhg1 Raa6 31. R1g4 Raf6 32. e5 Nxe5 33. Rxe5
Rxg4 34. fxg4 f3 35. Re1 f2 36. Rf1 Kf7 37. Kd2 Kg6 38. Ke3 Kg5 39. Rxf2 Rxf2
40. Kxf2 Kxg4 41. Ke3 Kg5 42. Kd4 Kxh6 43. Kc5 Kg6 44. Kc6 h5 45. Kxc7 h4 46.
d6 h3 47. d7 h2 48. d8=Q h1=Q 49. Qg8+ Kf6 1/2-1/2

[Event "XII C.to Italiano U20"]
[Site "Bratto - Castione della Presolana ITA"]
[Date "2004.08.27"]
[Round "8"]
[White "Pace, Pietro Dario"]
[Black "Boscolo, Marco"]
[Result "1-0"]
[WhiteElo "2133"]
[BlackElo "1898"]
[PlyCount "71"]
[EventDate "2004.08.20"]

1. e4 e6 2. d4 d5 3. Nc3 Nf6 4. Bg5 Be7 5. e5 Nfd7 6. Bxe7 Qxe7 7. f4 a6 8. Nf3
c5 9. Qd2 Nc6 10. O-O-O b5 11. dxc5 Qxc5 12. Kb1 Nb6 13. b3 b4 14. Ne2 a5 15.
Ned4 Nxd4 16. Nxd4 Bd7 17. g4 Rc8 18. f5 a4 19. Be2 a3 20. h4 Qc3 21. Qc1 Qc7
22. Rh3 Qxe5 23. Re3 Qd6 24. fxe6 Bxe6 25. Nf5 Qc5 26. Nxg7+ Kd7 27. Qd2 Rhg8
28. Nxe6 fxe6 29. g5 Rce8 30. Bg4 Kd6 31. c3 bxc3 32. Rxc3 Qb5 33. Qf4+ Ke7 34.
Rc7+ Kd8 35. Qd6+ Nd7 36. Be2 1-0

[Event "XII C.to Italiano U20"]
[Site "Bratto - Castione della Presolana ITA"]
[Date "2004.08.27"]
[Round "8"]
[White "Pagan, Nicolo'"]
[Black "Campanella, Giovanni"]
[Result "0-1"]
[WhiteElo "1709"]
[BlackElo "1694"]
[PlyCount "34"]
[EventDate "2004.08.20"]

1. d4 d5 2. c4 e5 3. dxe5 d4 4. Nf3 Nc6 5. a3 Bg4 6. Bg5 Qd7 7. Nbd2 h6 8. Bh4
g5 9. Bg3 Bg7 10. h3 Bf5 11. Nb3 O-O-O 12. Qd2 f6 13. exf6 Nxf6 14. O-O-O Ne4
15. Qe1 Qf7 16. Nfd2 Rhe8 17. Nxe4 Qxc4+ 0-1

[Event "XII C.to Italiano U20"]
[Site "Bratto - Castione della Presolana ITA"]
[Date "2004.08.27"]
[Round "8"]
[White "Perico', Alessandro"]
[Black "Buchicchio, Roberto"]
[Result "1-0"]
[WhiteElo "1685"]
[BlackElo "1832"]
[PlyCount "107"]
[EventDate "2004.08.20"]

1. d4 Nf6 2. c4 c5 3. d5 e6 4. dxe6 fxe6 5. Nc3 d5 6. Bf4 Bd6 7. Bxd6 Qxd6 8.
e4 Nxe4 9. Nxe4 Qe5 10. Qe2 Qxe4 11. Qxe4 dxe4 12. Ne2 O-O 13. Nc3 Nc6 14. Nxe4
Nb4 15. O-O-O Nxa2+ 16. Kb1 Nb4 17. Be2 b6 18. Bf3 Bb7 19. Ng5 Bxf3 20. Nxf3
Rad8 21. Rde1 Rd6 22. Re2 Rfd8 23. b3 h6 24. Kb2 Kf7 25. Ne5+ Ke7 26. Kc3 Nd3
27. Nf3 Nb4 28. Ra1 a5 29. Ne5 Nd3 30. Nxd3 Rxd3+ 31. Kc2 Kf6 32. Rae1 R8d6 33.
Rxe6+ Rxe6 34. Rxe6+ Kxe6 35. Kxd3 Kf5 36. Ke3 g5 37. h3 h5 38. g3 g4 39. hxg4+
hxg4 40. f4 gxf3 41. Kxf3 Ke5 42. Ke3 Kf5 43. g4+ Ke5 44. g5 Kf5 45. g6 Kxg6
46. Ke4 Kf6 47. Kd5 b5 48. Kxc5 a4 49. bxa4 bxa4 50. Kb4 Ke7 51. Kxa4 Kd6 52.
Kb5 Kd7 53. Kb6 Kc8 54. Kc6 1-0

[Event "XII C.to Italiano U20"]
[Site "Bratto - Castione della Presolana ITA"]
[Date "2004.08.27"]
[Round "8"]
[White "Polilli, Andrea"]
[Black "Longo, Aldo"]
[Result "1-0"]
[WhiteElo "1679"]
[BlackElo "1888"]
[PlyCount "81"]
[EventDate "2004.08.20"]

1. e4 e5 2. Nf3 Nc6 3. Bc4 Nf6 4. Ng5 d5 5. exd5 Na5 6. d3 h6 7. Nf3 e4 8. dxe4
Nxc4 9. Qd4 Nb6 10. c4 Bb4+ 11. Nbd2 c5 12. Qd3 O-O 13. O-O Re8 14. a3 Bxd2 15.
Nxd2 Qe7 16. Re1 Bf5 17. f3 Qe5 18. Rb1 Rad8 19. b4 Nfxd5 20. cxd5 Rxd5 21. Qc2
cxb4 22. Bb2 Qd6 23. Nc4 Qc5+ 24. Qf2 Qxc4 25. Rbc1 Qb5 26. exd5 Nxd5 27. Rxe8+
Qxe8 28. Qd4 Qe3+ 29. Qxe3 Nxe3 30. axb4 Nd5 31. Rc5 Be6 32. Ba3 a6 33. g3 g6
34. f4 h5 35. Kf2 Nf6 36. Rc7 Bd5 37. Rc8+ Kg7 38. Bb2 Be6 39. Rb8 Bd5 40. Rd8
Be6 41. Rd6 1-0

[Event "XII C.to Italiano U20"]
[Site "Bratto - Castione della Presolana ITA"]
[Date "2004.08.27"]
[Round "8"]
[White "Pomaro, Alberto"]
[Black "Xia, Jie"]
[Result "0-1"]
[WhiteElo "1727"]
[BlackElo "2126"]
[PlyCount "106"]
[EventDate "2004.08.20"]

1. e4 c5 2. Nf3 d6 3. d4 cxd4 4. Nxd4 Nf6 5. Nc3 g6 6. Be3 Bg7 7. Bc4 O-O 8. f3
Nc6 9. Qd2 Ne5 10. Bb3 Bd7 11. O-O-O Qa5 12. Kb1 Rfc8 13. g4 Nc4 14. Bxc4 Rxc4
15. Nb3 Qc7 16. Bh6 Bh8 17. Qd3 Rc8 18. h4 b5 19. Rd2 a5 20. h5 a4 21. Nc1 Rxc3
22. bxc3 Qxc3 23. Qxc3 Rxc3 24. Rd3 Rc4 25. c3 Bxg4 26. fxg4 Nxe4 27. Ne2 Nf2
28. Rhh3 Nxh3 29. Rxh3 Rxg4 30. hxg6 hxg6 31. Kc2 f5 32. Rg3 Rxg3 33. Nxg3 Kf7
34. Ne2 e5 35. Bg5 Ke6 36. Nc1 f4 37. Kd2 Kf5 38. Be7 d5 39. Bc5 g5 40. Nd3 g4
41. Nb4 Ke4 42. Ke2 g3 43. Be7 d4 44. cxd4 exd4 45. Nc6 f3+ 46. Kf1 d3 47. Bb4
Ke3 48. Bc5+ Kd2 49. a3 Kc1 50. Be3+ d2 51. Nb4 Bc3 52. Na2+ Kc2 53. Nxc3 Kxc3
0-1

[Event "XII C.to Italiano U20"]
[Site "Bratto - Castione della Presolana ITA"]
[Date "2004.08.27"]
[Round "8"]
[White "Rombaldoni, Brian"]
[Black "Buchicchio, Alessandro"]
[Result "0-1"]
[WhiteElo "1452"]
[BlackElo "1813"]
[PlyCount "32"]
[EventDate "2004.08.20"]

1. d4 Nf6 2. Nf3 g6 3. e3 Bg7 4. Bd3 d6 5. O-O O-O 6. b3 c5 7. Bb2 Nc6 8. Nbd2
Qc7 9. Re1 e5 10. c4 exd4 11. exd4 Nh5 12. Qe2 Bg4 13. Qe4 Bf5 14. Qe2 Nf4 15.
Qe3 Nxd3 16. Reb1 Nxb2 0-1

[Event "XII C.to Italiano U20"]
[Site "Bratto - Castione della Presolana ITA"]
[Date "2004.08.27"]
[Round "8"]
[White "Rombaldoni, Denis"]
[Black "Cappai, Davide"]
[Result "1-0"]
[WhiteElo "2224"]
[BlackElo "2132"]
[PlyCount "73"]
[EventDate "2004.08.20"]

1. d4 g6 2. c4 Bg7 3. Nc3 Nf6 4. Bg5 c6 5. e3 d6 6. Nf3 O-O 7. Be2 a6 8. a4 a5
9. O-O Qc7 10. Qb3 Na6 11. Nd2 Re8 12. f4 Nb4 13. h3 d5 14. Rac1 Qd6 15. Nf3
Bf5 16. Bh4 h5 17. Bf2 Nd3 18. Bxd3 Bxd3 19. c5 Qc7 20. Nxd5 Nxd5 21. Qxd3 f5
22. Qc4 e6 23. Nd2 Rad8 24. Qb3 Nf6 25. Bh4 Rd7 26. Bxf6 Bxf6 27. Rf3 Kh7 28.
Nc4 h4 29. Qb6 Qxb6 30. Nxb6 Rg7 31. Nc4 Bd8 32. Re1 Rd7 33. Ne5 Rd5 34. Rf2
Bc7 35. Nf3 Kg7 36. Rb1 Ra8 37. b4 1-0